000 00805nam a22002177a 4500
005 20170501161308.0
010 _aENG-115169
020 _a9789385288081
_c350.00
035 _aEN-98701
035 _aB-666119
037 _bDBAD/PUB
082 _aN
100 _aSendker, Jan-Philipp
245 _aThe art of hearing hearbeats /
_cby Jan-Philipp Sendker ; translated from the German by Kevin Wiliarty
260 _aNew Delhi
_bSpeaking Tiger
_c2015
270 _a4381/4,Ansari Road, Daryaganj,
_bNew Delhi
_e10002
300 _a325p.
_c22cm(pbk)
700 _aWiliarty, Kelvin
942 _2ddc
_cEN
_mSEN
_hN
999 _c100099
_d100099